000 00303nam a2200121Ia 4500
008 190723s9999 xx 000 0 und d
100 _aTomas C.Kinnear
245 0 _aMarketing Research an Applied Approach
250 _a5th
260 _aNew York
_bMcGraw Hill
_c2003
300 _a881.:P
942 _cBK
999 _c1379
_d1379